Statistiques concernant Communes limitrophes de Marseille

Cliquez ici pour prendre le quiz!

Statistiques générales

  • Ce quiz a été pris 166 fois
  • Le résultat moyen est 5 sur 9

Statistiques - réponses

Ville% Correct
Aubagne
88%
Cassis
81%
Allauch
68%
Les Pennes-Mirabeau
47%
Plan-de-Cuques
47%
Septèmes-les-Vallons
44%
La Penne-sur-Huveaune
37%
Le Rove
35%
Simiane-Collongue
12%

Distribution des résultats

Percentile par nombre de réponses

% des personnes avec chaque résultat

Votre développement - résultats

Vous n’avez pas pris ce quiz